Introduction
Elmentve itt :
| Szerző: | |
|---|---|
| Testületi szerző: | |
| Dokumentumtípus: | Könyv része |
| Megjelent: |
1999
|
| Sorozat: | Szegedi vallási néprajzi könyvtár
2 Religious movements and communities in the 19-20. centuries 2 |
| Kulcsszavak: | Vallási néprajz - 19-20. sz. - előszó |
| Tárgyszavak: | |
| Online Access: | http://acta.bibl.u-szeged.hu/70046 |
| LEADER | 00952naa a2200265 i 4500 | ||
|---|---|---|---|
| 001 | acta70046 | ||
| 005 | 20220203102211.0 | ||
| 008 | 200914s1999 hu o 0|| eng d | ||
| 020 | |a 963 482 316 5 | ||
| 022 | |a 1419-1288 | ||
| 040 | |a SZTE Egyetemi Kiadványok Repozitórium |b hun | ||
| 041 | |a eng | ||
| 100 | 1 | |a Barna Gábor | |
| 245 | 1 | 0 | |a Introduction |h [elektronikus dokumentum] / |c Barna Gábor |
| 260 | |c 1999 | ||
| 300 | |a 7-10 | ||
| 490 | 0 | |a Szegedi vallási néprajzi könyvtár |v 2 | |
| 490 | 0 | |a Religious movements and communities in the 19-20. centuries |v 2 | |
| 650 | 4 | |a Társadalomtudományok | |
| 650 | 4 | |a Szociológia | |
| 650 | 4 | |a Bölcsészettudományok | |
| 650 | 4 | |a Filozófia, etika és vallástudományok | |
| 695 | |a Vallási néprajz - 19-20. sz. - előszó | ||
| 710 | |a Finnish-Hungarian Folklore Symposium (11.) (1998) (Szeged) | ||
| 856 | 4 | 0 | |u http://acta.bibl.u-szeged.hu/70046/1/szegedi_vallasi_002_007-010.pdf |z Dokumentum-elérés |